00873naa a22002057i 4500001000700000003000900007005001700016008004100033040001300074100004100087245024800128504004100376504002700417650002700444650001600471650002100487700003000508700003200538773009700570232519ES-MaBCM20260226140653.0260226s2026 sp ||||| |||| 00| 0 spa d cES-MaBCM1 aEscudero Moratalla, José Francisco04aLa «carga» de trabajo en la Administración de justicia :bde la «celularidad» (juzgado) a la «capilaridad» (tribunal de instancia) : reflexionescJosé Francisco Escudero Moratalla, Daniel Corchete Figueras, Sonia Alarcón Casermeiro aIncluye referencias bibliográficas aIncluye bibliografía 7aCondición de trabajo 7aFuncionario 7aSistema judicial1 aCorchete Figueras, Daniel1 aAlarcón Casermeiro, Sonia0 dLas Rozas, MadridgN. 10893 (26 de febrero de 2026) - Loc. En líneatDiario La Leyw213918